Normal view
MARC view
- Peterson, Jeffrey L.
Entry Personal Name
001 - CONTROL NUMBER
- control field: 6008
003 - CONTROL NUMBER IDENTIFIER
- control field: NUST
005 - DATE AND TIME OF LATEST TRANSACTION
- control field: 20171106143340.0
008 - FIXED-LENGTH DATA ELEMENTS
- fixed length control field: 171106|| aca||aabn | a|a d
040 ## - CATALOGING SOURCE
- Original cataloging agency: NUST
- Transcribing agency: NUST
100 ## - HEADING--PERSONAL NAME
- Personal name: Peterson, Jeffrey L.
670 ## - SOURCE DATA FOUND
- Source citation: Work cat.: (NUST)0: Palmer, Christopher M. 6007, Principles of contaminant hydrogeology /, c1992.
